000 00435nam a22001217a 4500
008 241024b |||||||| |||| 00| 0 eng d
082 _a354.54
100 _aRoyal Government of Bhutan
245 _aThird Annual Report Of Lyonchhen Jigme Yoeser Thinley To The Seventh Session Of The Parliament On The State Of The Nation
260 _aThimphu :
_bKuensel Corporation Ltd,
_c2011.
300 _aiii p. 124;
_c24.9 Cm.
942 _2ddc
999 _c10067
_d10068